00402 2200145 4500001002100000008004100021035002000062245004200082100001600124260003100140300002100171082001100192650004000203990001300243INLIS000000000001618 ind  a0010-0423001618 aJOKOWI PEMIMPIN RAKYAT BERJIWA ROCKER aYON THAYRUN aJAKARTAbNOURA BOOKSc2012 a254 hlm.c21 cm. a920598 aBIOGRAFI - INDONESIAM (ORANG-ORANG) a100961-1